La lectura, estrategias de comprensión de texto expositivos

সংরক্ষণ করুন:
গ্রন্থ-পঞ্জীর বিবরন
প্রধান লেখক: López, Gladys Stella (autora)
বিন্যাস: গ্রন্থ
ভাষা:স্প্যানিশ
প্রকাশিত: Cali Fondo Ministerio de Educación Nacional 1998
মালা:Programa de Mejoramiento Docente en Lengua Materna: Desarrollo de la Lectura y la Escritura, 2
বিষয়গুলি:
ট্যাগগুলো: ট্যাগ যুক্ত করুন
কোনো ট্যাগ নেই, প্রথমজন হিসাবে ট্যাগ করুন!

MARC

LEADER 00000nam a2200000 a 4500
001 UCO9536
003 CL-VaPUC
008 010302e19980000CK |||||||||||||||||spa|d
082 0 4 |a 808.066  |b LOP  |2 21 
100 |a López, Gladys Stella  |e autora  |9 454791 
245 1 3 |a La lectura, estrategias de comprensión de texto expositivos 
300 |a 47 p 
942 |c BK 
945 |d 20010302 00:00:00  |a cmena 
260 |a Cali  |b Fondo Ministerio de Educación Nacional  |c 1998 
650 0 |a Retórica   |9 266620 
650 0 |a Discursos   |9 265028 
650 0 |a Textos escritos  |9 453620 
650 0 |a Comprensión de lectura  |9 307588 
650 0 |a Lectura  |9 307634 
583 |a last modification  |c 20010302 00:00:00  |k Rodrigo Vera 
490 0 |a Programa de Mejoramiento Docente en Lengua Materna: Desarrollo de la Lectura y la Escritura, 2 
999 |c 293738  |d 293736 
952 |0 0  |1 0  |4 0  |6 808_066000000000000_LOP_1998  |7 0  |8 A  |9 345444  |a FDOPOS  |b FDOPOS  |d 2019-11-20  |i 3684687  |o 808.066 LOP 1998  |p 3684687  |r 2025-01-22  |w 2019-11-20  |y BK  |k MLA